000 00644nam a22001937a 4500
999 _c177922
_d177922
005 20210310151738.0
010 _aUR-11063
020 _c186.00
_a9789390579037
035 _aU-9618
037 _bDBAD/PUB
082 _a840.92
100 _aمنظو ر و قا ر
245 _aو ر ق و ر ق چہر ے (خا کے )
_cمنظو ر و قا ر
246 _bWarq Warq Chehre(Khake) (Urdu)
_aby Manzoor Viqar
260 _aN.Delhi
_c2020 ء
_bApplied Books
270 _a1739/10,Basement, Patoudi House,Darya Ganj,
_bN.Delhi
_e110002
_l9953630788
300 _a304 ص
_c22 Cm(Hb)
942 _2ddc
_cUR
_h840.92
_mم ن ظ